Commercial auction analysis guide (Record no. 106130)

MARC details
000 -LEADER
fixed length control field 01320cam a2200241 4500
001 - CONTROL NUMBER
control field ##L135654
008 - FIXED-LENGTH DATA ELEMENTS--GENERAL INFORMATION
fixed length control field 061122n2006 000 0 eng u
035 ## - SYSTEM CONTROL NUMBER
System control number (Sirsi) u135654
041 0# - LANGUAGE CODE
Language code of text/sound track or separate title eng
050 04 - LIBRARY OF CONGRESS CALL NUMBER
Classification number 380.1 $2 18
110 2# - MAIN ENTRY--CORPORATE NAME
Corporate name or jurisdiction name as entry element Focus
9 (RLIN) 3296
245 00 - TITLE STATEMENT
Title Commercial auction analysis guide
Remainder of title half year 2006
260 ## - PUBLICATION, DISTRIBUTION, ETC.
Place of publication, distribution, etc. London
Name of publisher, distributor, etc. Focus
Date of publication, distribution, etc. 2006
490 #0 - SERIES STATEMENT
Series statement Focus Commercial Auction Analysis Guide
Volume/sequential designation Half Year 2006
520 ## - SUMMARY, ETC.
Summary, etc. Reports that commercial auctioneers have offered 13% more lots and sold 14% more lots in the first half of 2006 compared to the same period in 2005. Jones Lang LaSalle is the top auction firm with sales of £308m, followed by Allsop. Retail lots retained the top spot, accounting for over three quarters of all lots sold. Includes number and value of lots sold by type; commercial lots for 2005 and 2006 sold by auctioneer; disclosed value of lots sold by the top 20 auctioneers; and average value of lots by region.
590 ## - LOCAL NOTE (RLIN)
Local note KA
650 24 - SUBJECT ADDED ENTRY--TOPICAL TERM
Topical term or geographic name entry element FOCUS COMMERCIAL AUCTION ANALYSIS GUIDE
651 #4 - SUBJECT ADDED ENTRY--GEOGRAPHIC NAME
Geographic name GREAT BRITAIN
690 ## - LOCAL SUBJECT ADDED ENTRY--TOPICAL TERM (OCLC, RLIN)
Topical term or geographic name as entry element PROPERTY-COMMERCIAL PROPERTY-COMMERCIAL PROPERTY MARKET
690 ## - LOCAL SUBJECT ADDED ENTRY--TOPICAL TERM (OCLC, RLIN)
Topical term or geographic name as entry element PROPERTY-COMMERCIAL PROPERTY-AUCTIONEERING COMMERCIAL PROPERTY
856 40 - ELECTRONIC LOCATION AND ACCESS
Uniform Resource Identifier <a href="https://www.focusnet.co.uk">https://www.focusnet.co.uk</a>
Public note View the item free of charge at www.focusnet.co.uk...
942 ## - ADDED ENTRY ELEMENTS (KOHA)
Suppress in OPAC 0
Holdings
Withdrawn status Lost status Source of classification or shelving scheme Damaged status Not for loan Home library Current library Shelving location Date acquired Total Checkouts Full call number Barcode Date last seen Copy number Price effective from Koha item type
    Dewey Decimal Classification     Virtual Virtual Online 22/11/2006   ONLINE PUBLICATION 135654-2001 06/08/2019 1 06/08/2019 Book